Hurlevent /

The story of Emily Brontë's doomed young lovers from Wuthering heights, updated to the French countryside of the 1930's.

Bibliographic Details
Corporate Authors: Cécilia (Firm), Renn Productions, France. Ministère de la culture, Image Entertainment (Firm)
Other Authors: Marignac, Martine, Bonitzer, Pascal, Schiffman, Suzanne, Rivette, Jacques, 1928-2016, Babe, Fabienne, 1962-, Belvaux, Lucas, 1961-, Montaigu, Sandra, Poncheville, Alice de, Berta, Renato, Lubtchansky, Nicole, Pee, Pilelentze, Pschenitza, Polegnalae, Angelika, Trati No, Brontë, Emily, 1818-1848
Format: Video DVD
Language:French
Language Notes:In French, with optional English subtitles.
Published: Chatsworth, CA : Image Entertainment, [2001]
Subjects:

MARC

Tag First Indicator Second Indicator Subfields
LEADER 00000cgm a2200000Ia 4500
001 in00002765415
005 20160611063124.0
007 vd cvaizm
008 020410p20011985cau126 e vlfre d
024 1 |a 014381072228 
028 4 2 |a IDO722SIDVD  |b Image Entertainment 
035 |a (OCoLC)ocm49554160 
035 |a (OCoLC)49554160 
037 |b Midwest Tapes  |n http://www.midwesttapes.com 
040 |a ZCU  |b eng  |c ZCU  |d RCS  |d OCLCQ  |d BTCTA  |d OCLCG  |d YUS  |d OCLCQ  |d UtOrBLW 
041 1 |a fre  |j eng 
049 |a TXAM 
050 4 |a PN1997  |b .H87 2001 
082 0 4 |a 791.43/72  |2 22 
090 |a PN1995.9.F67  |b H87 2001 
245 0 0 |a Hurlevent /  |c une production La Cecilia, Renn Productions, Ministère de la Culture ; productrice déléguée, Martine Marignac ; scénario, Pascal Bonitzer, Suzanne Schiffman, Jacques Rivette d'aprés les premiers chapitres de Wuthering heights d'Emily Brontë ; dialogues, Pascal Bonitzer ; mise en scène, Jacques Rivette. 
246 1 |i English title in subtitles:  |a Howling wind 
246 1 |i English title on disc surface, container and DVD menus:  |a Wuthering heights 
264 1 |a Chatsworth, CA :  |b Image Entertainment,  |c [2001] 
300 |a 1 videodisc (126 min.) :  |b sound, color ;  |c 4 3/4 in. 
336 |a two-dimensional moving image  |b tdi  |2 rdacontent 
337 |a video  |b v  |2 rdamedia 
338 |a videodisc  |b vd  |2 rdacarrier 
538 |a DVD, region 1, widescreen presentation; Dolby digital mono. 
546 |a In French, with optional English subtitles. 
511 1 |a Fabienne Babe, Lucas Belvaux, Sandra Montaigu, Alice de Poncheville. 
508 |a Cinematography, Renato Berta ; editor, Nicole Lubtchansky ; music, Pilelentze Pee, Polegnalae Pschenitza, Trati No Angelika. 
500 |a Originally released as a motion picture in 1985. 
521 8 |a Not rated. 
520 |a The story of Emily Brontë's doomed young lovers from Wuthering heights, updated to the French countryside of the 1930's. 
500 |a Videorecording. 
650 0 |a Man-woman relationships  |v Drama. 
655 7 |a Foreign films.  |2 local 
655 7 |a Motion pictures, French.  |2 local 
655 7 |a Feature films.  |2 lcgft 
655 7 |a Fiction films.  |2 lcgft 
700 1 |a Marignac, Martine. 
700 1 |a Bonitzer, Pascal. 
700 1 |a Schiffman, Suzanne. 
700 1 |a Rivette, Jacques,  |d 1928-2016. 
700 1 |a Babe, Fabienne,  |d 1962- 
700 1 |a Belvaux, Lucas,  |d 1961- 
700 1 |a Montaigu, Sandra. 
700 1 |a Poncheville, Alice de. 
700 1 |a Berta, Renato. 
700 1 |a Lubtchansky, Nicole. 
700 1 |a Pee, Pilelentze. 
700 1 |a Pschenitza, Polegnalae. 
700 1 |a Angelika, Trati No. 
700 1 |a Brontë, Emily,  |d 1818-1848.  |t Wuthering Heights. 
710 2 |a Cécilia (Firm) 
710 2 |a Renn Productions. 
710 1 |a France.  |b Ministère de la culture. 
710 2 |a Image Entertainment (Firm) 
994 |a C0  |b TXA 
948 |a cataloged  |b h  |c 2012/11/13  |d c  |e blrosas  |f 3:21:39 pm 
999 |a MARS 
999 f f |s 1616ff47-d864-3184-91f7-24f04e25b9fc  |i 188513bf-277f-39f1-b42b-c824de2ed73c  |t 0 
952 f f |p dvd  |a Texas A&M University  |b College Station  |c Sterling C. Evans Library  |d Evans: Media and Reserves (Annex 1st floor)  |t 0  |e PN1995.9.F67 H87 2001  |h Library of Congress classification  |i video -- videodisc  |m A14841620476 
998 f f |a PN1995.9.F67 H87 2001  |t 0  |l Evans: Media and Reserves (Annex 1st floor)